MARC details
| 000 -LEADER |
| campo de control de longitud fija |
01655nac a2200253 a 4500 |
| 003 - IDENTIFICADOR DE NÚMERO DE CONTROL |
| campo de control |
CO-PeBPM |
| 005 - FECHA Y HORA DE LA ÚLTIMA TRANSACCIÓN |
| campo de control |
20250205180507.0 |
| 007 - CAMPO FIJO DE DESCRIPCIÓN FÍSICA--INFORMACIÓN GENERAL |
| campo de control de longitud fija |
ta |
| 008 - DATOS DE LONGITUD FIJA--INFORMACIÓN GENERAL |
| campo de control de longitud fija |
250205s2016 ck a|||| |||| 00| 0 spa d |
| 020 ## - NÚMERO INTERNACIONAL ESTÁNDAR DEL LIBRO |
| Número Internacional Estándar del Libro |
ISBN 13: 9789584245328 |
| 020 ## - NÚMERO INTERNACIONAL ESTÁNDAR DEL LIBRO |
| Número Internacional Estándar del Libro |
10: 9584245325 |
| 040 ## - FUENTE DE CATALOGACIÓN |
| Centro catalogador/agencia de origen |
CO-PeBPM |
| Lengua de catalogación |
spa |
| Centro/agencia transcriptor |
CO-PeBPM |
| Normas de descripción |
rda |
| 041 ## - CÓDIGO DE IDIOMA |
| Código de lengua del texto/banda sonora o título independiente |
spa |
| 082 04 - NÚMERO DE LA CLASIFICACIÓN DECIMAL DEWEY |
| Número de clasificación |
Co863 M539e |
| Número de edición |
22 |
| 100 10 - ENTRADA PRINCIPAL--NOMBRE DE PERSONA |
| Nombre de persona |
Mendoza, Mario |
| Término indicativo de función/relación |
autor |
| 245 10 - MENCIÓN DEL TÍTULO |
| Título |
El mensajero de Agartha |
| Resto del título |
: Zombies |
| Mención de responsabilidad, etc. |
/ Mario Mendoza; ilustraciones Óscar Abril y Alejandro Amaya |
| 250 ## - MENCION DE EDICION |
| Mención de edición |
Segunda edición |
| 260 ## - PUBLICACIÓN, DISTRIBUCIÓN, ETC. |
| Lugar de publicación, distribución, etc. |
Bogotá, Colombia |
| Nombre del editor, distribuidor, etc. |
Editorial Planeta Colombiana |
| Fecha de publicación, distribución, etc. |
, 2016 |
| 300 ## - DESCRIPCIÓN FÍSICA |
| Extensión |
188 páginas |
| Otras características físicas |
ilustraciones en blanco y negro |
| Dimensiones |
21 centímetros |
| 520 ## - RESUMEN, ETC. |
| Sumario, etc. |
A Felipe le gusta leer y escribir, es curioso y tiene una gran imaginación. Por eso se siente solo, porque nadie, ni siquiera sus padres, lo entienden. Después de la muerte de su abuela, es contactado por Max, una extraña entidad que le anuncia una misión: debe darle un mensaje al mundo. Felipe duda de su realidad, jamás se había sentido tan confundido. Entonces, el azar lo lleva al jardín surrealista de Edward James, en México, donde un chamán le informa que la sensibilidad es su mejor arma y que el planeta entero es acechado por fuerzas malignas. Así, Felipe descubre cuál es el mensaje que debe dar: la humanidad está bajo ataque desde hace siglos y el golpe final está a punto de ocurrir.<br/>Este es solo el inicio de una gran aventura que lo llevará por toda Latinoamérica y míticas ciudades subterráneas. |
| 650 14 - PUNTO DE ACCESO ADICIONAL DE MATERIA--TÉRMINO DE MATERIA |
| Término de materia o nombre geográfico como elemento de entrada |
Novelas juveniles colombianas |
| Fuente del encabezamiento o término |
LEMB |
| 650 14 - PUNTO DE ACCESO ADICIONAL DE MATERIA--TÉRMINO DE MATERIA |
| Término de materia o nombre geográfico como elemento de entrada |
Literatura juvenil colombiana |
| Fuente del encabezamiento o término |
LEMB |
| 942 ## - ELEMENTOS DE ENTRADA SECUNDARIOS (KOHA) |
| Fuente del sistema de clasificación o colocación |
Clasificación Decimal Dewey |
| Tipo de ítem Koha |
Libros |
| Suprimir en OPAC |
No |